000 00723nam a22002297a 4500
005 20240530110625.0
008 170103s2015 ua g 000 1 ara d
017 _a2014/22663
_bمصر. دار الكتب
020 _a9789770933213
040 _aEG-CaGPL
_cEG-CaGPL
082 0 4 _221
_a818.03\
_bى ف
100 0 _aيمنى خطاب
245 1 0 _aفيديو تسعيناتى :
_bقصص و نصوص /
_cيمنى خطاب
250 _aط. 1
260 _aالقاهرة :
_bدار الشروق ،
_c2015.
300 _a108 ص. ؛
_c19 سم.
650 0 7 _2qrmak
_aالادب العربى
650 0 7 _2qrmak
_aالمذكرات
651 _2qrmak
942 _2ddc
_cBK
999 _c63140
_d63140